| 000 | 00490nam a2200169Ia 4500 | ||
|---|---|---|---|
| 008 | 151021s9999 xx 000 0 und d | ||
| 020 | _a536066493 | ||
| 050 | _aHF 5548.4 .M525 2007 | ||
| 245 | _a_GO with microsoft office 2007 introductory 2007 | ||
| 260 | _aNew Jersey Pearson 2007 | ||
| 300 | _axxiv,1425p.;ill | ||
| 500 | _aIncludes index. | ||
| 500 | _aIncludes index. | ||
| 650 | _a_Microsoft office | ||
| 700 | _a_Robert L Ferret | ||
| 980 | _a^d20120830 01:12:05^okorir | ||
| 999 |
_c12691 _d12691 |
||